[Event "CHN-chB"]
[Site "Qinhuangdao"]
[Date "2017.07.16"]
[Round "1"]
[White "Xu, Yi"]
[Black "Lu, Kaiyan"]
[Result "1-0"]
[WhiteElo "2446"]
[BlackElo "1514"]
[PlyCount "81"]
[EventDate "2017.07.16"]
[EventType "swiss"]
[EventRounds "11"]
[EventCountry "CHN"]
[SourceTitle "CBM 179 Extra"]
[Source "ChessBase"]
[SourceDate "2017.08.23"]
[SourceVersion "1"]
[SourceVersionDate "2017.08.23"]
[SourceQuality "1"]

1. e4 c5 2. Nf3 e6 3. d4 cxd4 4. Nxd4 Nf6 5. Nc3 d6 6. Be2 a6 7. 0-0 Qc7 8. f4 Be7 9. Kh1 0-0 10. Qe1 Nc6 11. Be3 Re8 12. Qg3 Bf8 13. Rae1 g6 14. e5 dxe5 15. fxe5 Nd7 16. Nxc6 bxc6 17. Ne4 Bg7 18. Nd6 Rf8 19. Bd4 c5 20. Bc3 Rb8 21. Rf2 Bb7 22. Ref1 Bd5 23. Nxf7 c4 24. Bd4 Nc5 25. Qe3 Nb7 26. Bf3 Qd7 27. Bxd5 Qxd5 28. Bb6 Rbc8 29. b4 cxb3 30. axb3 Nc5 31. Rf3 Nd7 32. c4 Qc6 33. Bd4 Rb8 34. h4 a5 35. h5 a4 36. hxg6 hxg6 37. Qd3 Rxb3 38. Qxg6 Rxf3 39. Rxf3 Qxc4 40. Nh6+ Kh8 41. Rh3 1-0

[Event "CHN Team"]
[Site "Wuxi"]
[Date "2016.08.01"]
[Round "6.5"]
[White "Lu, Kaiyan"]
[Black "Li, Shilong"]
[Result "0-1"]
[WhiteElo "1511"]
[BlackElo "2512"]
[PlyCount "62"]
[EventDate "2016.07.28"]
[EventType "team-swiss"]
[EventRounds "9"]
[EventCountry "CHN"]
[SourceTitle "CBM 173 Extra"]
[Source "ChessBase"]
[SourceDate "2016.08.29"]
[SourceVersion "1"]
[SourceVersionDate "2016.08.29"]
[SourceQuality "1"]
[WhiteTeam "Shanxi Huxiaoling"]
[BlackTeam "Guangdong"]
[WhiteTeamCountry "CHN"]
[BlackTeamCountry "CHN"]

1. e4 c5 2. Nf3 d6 3. d4 cxd4 4. Nxd4 Nf6 5. Nc3 a6 6. Be2 e6 7. 0-0 Be7 8. f4 0-0 9. a4 Nc6 10. Be3 Qc7 11. Kh1 Re8 12. Bf3 Bd7 13. Nb3 b6 14. g4 Bc8 15. g5 Nd7 16. Bg2 Bb7 17. Qh5 g6 18. Qh4 Nb4 19. Qf2 Bf8 20. Rad1 Rad8 21. Rd2 Nc5 22. Nxc5 bxc5 23. Rfd1 d5 24. exd5 exd5 25. Nxd5 Nxd5 26. Bxd5 Rxd5 27. Rxd5 Qe7 28. Bxc5 Qe4+ 29. Qg2 Bxc5 30. Qxe4 Rxe4 31. Rd8+ Re8+ 0-1

[Event "CHN Team"]
[Site "Wuxi"]
[Date "2016.07.29"]
[Round "2.7"]
[White "Yang, Yuhang"]
[Black "Lu, Kaiyan"]
[Result "0-1"]
[WhiteElo "1834"]
[BlackElo "1511"]
[PlyCount "88"]
[EventDate "2016.07.28"]
[EventType "team-swiss"]
[EventRounds "9"]
[EventCountry "CHN"]
[SourceTitle "CBM 173 Extra"]
[Source "ChessBase"]
[SourceDate "2016.08.29"]
[SourceVersion "1"]
[SourceVersionDate "2016.08.29"]
[SourceQuality "1"]
[WhiteTeam "Shenzhen Qiyuan"]
[BlackTeam "Shanxi Huxiaoling"]
[WhiteTeamCountry "CHN"]
[BlackTeamCountry "CHN"]

1. d4 Nf6 2. c4 g6 3. Nc3 Bg7 4. e4 d6 5. f3 0-0 6. Be3 Nc6 7. Qd2 a6 8. Nge2 Rb8 9. Nc1 e5 10. d5 Nd4 11. N1e2 Nxe2 12. Bxe2 Nh5 13. g4 Nf4 14. Bxf4 exf4 15. h4 b5 16. h5 Be5 17. Bd3 Qf6 18. cxb5 axb5 19. Ne2 Bxb2 20. g5 Qg7 21. Rb1 Be5 22. Kf2 f6 23. hxg6 f5 24. Rh6 fxe4 25. Bxe4 Bf5 26. Qd3 Ra8 27. a3 b4 28. axb4 Ra2 29. Rbh1 Bd4+ 30. Kf1 Ra1+ 31. Kg2 Rxh1 32. Kxh1 Be5 33. Ng1 Bxe4 34. Qxe4 Rf5 35. Nh3 Rxg5 36. Rh4 Rf5 37. Nxf4 Bxf4 38. Rxf4 Re5 39. Qd4 Qh6+ 40. Rh4 Qc1+ 41. Kg2 Re2+ 42. Kg3 Qe1+ 43. Kh3 Qh1+ 44. Kg4 Rg2+ 0-1